000 00461 a2200157 4500
245 _aHamlet
_hprint
020 _a0582527422
650 _aENGLISH LITERATURE
005 20191021095201.0
260 _aenk
_bLongmans
_c1968
084 _aPR2807.A2 L57 1968
300 _a239 p. illus. 22 cm.
_b239 p. illus. 22 cm.
_c239 p. illus. 22 cm.
500 _aedited by Bernard Lott.
490 _aNew swan Shakespeare advanced series
999 _c11924
_d11924